|
|
|
|
| LEADER |
00000nab a2200000 a 4500 |
| 001 |
vtls000384156 |
| 003 |
SK-MaSNL |
| 005 |
20260318140835.0 |
| 008 |
230217c1989 xo 0 eng |
| 015 |
|
|
|a SNBRB19rr/mm-uuuuu
|
| 035 |
|
|
|a CL0384278
|
| 035 |
|
|
|a urn:nbn:sk:snk-ab1q4o
|
| 035 |
|
|
|a (urnnbn)urn:nbn:sk:snk:ar-004xzf
|
| 035 |
|
|
|a (uuid)316dce9c-9a86-467b-94d1-aa10afab76d1
|
| 040 |
|
|
|a SNKBUCL
|b slo
|c SNKBUCL
|e AACR2
|
| 041 |
0 |
|
|a eng
|
| 044 |
|
|
|a xo
|c SK
|
| 080 |
|
|
|a 519.688:681.327
|2 1981
|
| 080 |
|
|
|a 681.327
|2 1981
|
| 080 |
|
|
|a 519.254
|2 1981
|
| 100 |
1 |
|
|a Glasa, Jozef,
|d 1960-
|4 aut
|9 217722
|
| 245 |
1 |
0 |
|a Parallel algorithms and architectures
|c J. Glasa
|
| 650 |
0 |
7 |
|a paralelné počítače
|2 snkbucl
|9 94142
|
| 650 |
0 |
7 |
|a programy paralelné (mat.)
|2 snkbucl
|9 1155002
|
| 650 |
0 |
7 |
|a multiprocesorové systémy
|2 snkbucl
|9 1864
|
| 655 |
|
7 |
|a články z novín a časopisov
|2 snkbucl
|9 267496
|
| 700 |
1 |
|
|a Albrecht, A.
|4 aut
|9 1155003
|
| 700 |
1 |
|
|a Jung, H.
|4 aut
|9 1155004
|
| 700 |
1 |
|
|a Melhorn, K.
|4 aut
|9 1155005
|
| 773 |
0 |
|
|t Computers and artificial intelligence
|g Roč. 8, č. 2 (1989), s. 303-304
|
| 787 |
0 |
8 |
|i Rec.:
|a Albrecht, A.
|t Parallel algorithms and architectures
|d Berlin : Academie Verlag, Springer Verlag, 1987
|
| 850 |
|
|
|a Slovenská národná knižnica v Martine
|a MTA001
|
| 852 |
|
|
|a SNK
|b KIS3GCP
|
| 958 |
|
|
|a RK
|
| 958 |
|
|
|a DE
|
| 958 |
|
|
|a OND
|
| 958 |
|
|
|a EUIPO
|
| 958 |
|
|
|a article27
|
| 992 |
|
|
|a RBX
|
| 999 |
|
|
|c 1961020
|d 1962950
|